ბათუმის შოთა რუსთაველის სახელმწიფო უნივერსიტეტის ბიბლიოთეკა

თხზულებათა სრული კრებული ოთხ ტომად. ტ.3 (ბიბ.ჩანაწერი № 48416)

000 -LEADER
fixed length control field 00820nam a2200217Ia 4500
001 - CONTROL NUMBER
control field 15308
003 - CONTROL NUMBER IDENTIFIER
control field GE_BSU
008 - FIXED-LENGTH DATA ELEMENTS--GENERAL INFORMATION
fixed length control field 181216s||||||||xx |||||||||||||| ||und||
040 ## - CATALOGING SOURCE
Transcribing agency GE_BSU
080 ## - UNIVERSAL DECIMAL CLASSIFICATION NUMBER
Universal Decimal Classification number 821.353.1+821.353.1-1+821.353.1-11
245 ## - TITLE STATEMENT
Title თხზულებათა სრული კრებული ოთხ ტომად. ტ.3
245 ## - TITLE STATEMENT
Remainder of title ლექსები პოემები
260 ## - PUBLICATION, DISTRIBUTION, ETC.
Place of publication, distribution, etc. თბილისი
260 ## - PUBLICATION, DISTRIBUTION, ETC.
Name of publisher, distributor, etc. საბჭოთა მწერლობა
260 ## - PUBLICATION, DISTRIBUTION, ETC.
Date of publication, distribution, etc. 1949
300 ## - PHYSICAL DESCRIPTION
Extent 663გვ.23სმ.
300 ## - PHYSICAL DESCRIPTION
Accompanying material ა.ყაზბეგის ლექსიკონი შ.ძიძიგური გვ.645-663
653 ## - INDEX TERM--UNCONTROLLED
Uncontrolled term თხზულებათა კრებული
653 ## - INDEX TERM--UNCONTROLLED
Uncontrolled term ლექსები პოემები
942 ## - ADDED ENTRY ELEMENTS (KOHA)
Koha item type წიგნი
ეგზემპლარები
Withdrawn status Lost status Damaged status Not for loan Date acquired Barcode Date last seen Price effective from Koha item type
        2018-12-17 37956 2018-12-17 2018-12-17 წიგნი
        2018-12-17 37957 2018-12-17 2018-12-17 წიგნი